Novela zákona o účtovníctve účinná od 1. januára 2015
Národná rada Slovenskej republiky dňa 30. októbra schválila zákon č. 333/2014 Z. z., ktorým sa mení a dopĺňa zákon č. 595/2003 Z. z. o dani z príjmov v z. n. p. a ktorým sa menia a dopĺňajú niektoré zákony. V Čl. IV tohto zákona sa s účinnosťou od 1. januára 2015 mení a dopĺňa zákon č. 431/2002 Z. z...
Gespeichert in:
| 1. Verfasser: | |
|---|---|
| Format: | Buchkapitel |
| Sprache: | Slowakisch |
| Schlagworte: | |
| Tags: |
Keine Tags, Fügen Sie das erste Tag hinzu!
|
MARC
| LEADER | 00000naa a2200000 4500 | ||
|---|---|---|---|
| 001 | 0198100 | ||
| 005 | 20231208090946.4 | ||
| 041 | 0 | |a slo | |
| 044 | |a SK | ||
| 245 | 1 | 0 | |a Novela zákona o účtovníctve účinná od 1. januára 2015 |c Monika Adamíková |
| 520 | |a Národná rada Slovenskej republiky dňa 30. októbra schválila zákon č. 333/2014 Z. z., ktorým sa mení a dopĺňa zákon č. 595/2003 Z. z. o dani z príjmov v z. n. p. a ktorým sa menia a dopĺňajú niektoré zákony. V Čl. IV tohto zákona sa s účinnosťou od 1. januára 2015 mení a dopĺňa zákon č. 431/2002 Z. z. o účtovníctve v z. n. p. | ||
| 610 | 2 | 0 | |a zákony |
| 610 | 2 | 0 | |a Slovensko |
| 610 | 2 | 0 | |a novelizácia |
| 610 | 2 | 0 | |a účtovníctvo |
| 100 | 1 | |a Adamíková, Monika | |